<?xml version="1.0" encoding="UTF-8"?><?xml-stylesheet type="text/xsl" href="static/style.xsl"?><OAI-PMH xmlns="http://www.openarchives.org/OAI/2.0/" xmlns:xsi="http://www.w3.org/2001/XMLSchema-instance" xsi:schemaLocation="http://www.openarchives.org/OAI/2.0/ http://www.openarchives.org/OAI/2.0/OAI-PMH.xsd"><responseDate>2026-04-13T13:22:41Z</responseDate><request verb="GetRecord" identifier="oai:www.recercat.cat:10230/34072" metadataPrefix="marc">https://recercat.cat/oai/request</request><GetRecord><record><header><identifier>oai:recercat.cat:10230/34072</identifier><datestamp>2025-12-24T09:01:09Z</datestamp><setSpec>com_2072_6</setSpec><setSpec>col_2072_452952</setSpec></header><metadata><record xmlns="http://www.loc.gov/MARC21/slim" xmlns:dcterms="http://purl.org/dc/terms/" xmlns:xsi="http://www.w3.org/2001/XMLSchema-instance" xmlns:doc="http://www.lyncode.com/xoai" xsi:schemaLocation="http://www.loc.gov/MARC21/slim http://www.loc.gov/standards/marcxml/schema/MARC21slim.xsd">
   <leader>00925njm 22002777a 4500</leader>
   <datafield ind2=" " ind1=" " tag="042">
      <subfield code="a">dc</subfield>
   </datafield>
   <datafield ind2=" " ind1=" " tag="720">
      <subfield code="a">Serra, Xavier</subfield>
      <subfield code="e">author</subfield>
   </datafield>
   <datafield ind2=" " ind1=" " tag="260">
      <subfield code="c">2018-03-08T10:12:56Z</subfield>
   </datafield>
   <datafield ind2=" " ind1=" " tag="260">
      <subfield code="c">2018-03-08T10:12:56Z</subfield>
   </datafield>
   <datafield ind2=" " ind1=" " tag="260">
      <subfield code="c">1989</subfield>
   </datafield>
   <datafield ind2=" " ind1=" " tag="520">
      <subfield code="a">This dissertation introduces a new analysis/synthesis method. It is designed to obtain musically useful intermediate representations for sound transformations. The method’s underlying model assumes that a sound is composed of a deterministic component plus a stochastic one. The deterministic component is represented by a series of sinusoids that are described by amplitude and frequency functions. The stochastic component is represented by a series of magnitude-spectrum envelopes that function as a time-varying filter excited by white noise. Together these representations make it possible for a synthesized sound to attain all the perceptual characteristics of the original sound. At the same time the representation is easily modified to create a wide variety of new sounds. This analysis/synthesis technique is based on the short-time Fourier transform (STFT). From the set of spectra returned by the STFT, the relevant peaks of each spectrum are detected and used as breakpoints in a set of frequency trajectories. The deterministic signal is obtained by synthesizing a sinusoid from each trajectory. Then, in order to obtain the stochastic component, a set of spectra of the deterministic component is computed, and these spectra are subtracted from the spectra of the original sound. The resulting spectral residuals are approximated by a series of envelopes, from which the stochastic signal is generated by performing an inverse-STFT. The result is a method that is appropriate for the manipulation of sounds. The intermediate representation is very flexible and musically useful in that it offers unlimited possibilities for transformation.</subfield>
   </datafield>
   <datafield tag="653" ind2=" " ind1=" ">
      <subfield code="a">So -- Enregistrament i reproducció -- Tècniques digitals</subfield>
   </datafield>
   <datafield ind2="0" ind1="0" tag="245">
      <subfield code="a">A system for sound analysis/transformation/synthesis based on a deterministic plus stochastic decomposition</subfield>
   </datafield>
</record></metadata></record></GetRecord></OAI-PMH>